000 00927nam a2200277Ia 4500
005 20251020182455.0
008 200515s9999 xx 000 0 und d
020 _a968-18-1467-3
082 _a624.01/B84
100 _aBroadbent, Geoffrey
100 _aBunt, Richard
100 _aJencks, Charles
245 0 _aEl lenguaje de la arquitectura : Un análisis semiótico
250 _a1a ed.
260 _aMéxico, D.F.
260 _bLIMUSA
260 _c1991
300 _a459 p.
300 _bil., tbl., graf.
500 _a1 ejemplar
520 _aAnálisis de los significados de las formas y espacios arquitectónicos. Se hace énfasis en el significado de la arquitectura, dado que esta comunica significados a la gente, independientemente de la intención real del arquitecto. Aquí se ofrece un estudio
650 _aARQUITECTURA
650 _aDISEÑO ARQUITECTONICO
942 _cLIB
999 _c966
_d966